La población desplazada en Colombia : (Registro nro. 5071)

Detalles MARC
000 -LEADER
fixed length control field 01537nam a2200289Ia 4500
003 - CONTROL NUMBER IDENTIFIER
control field OSt
005 - DATE AND TIME OF LATEST TRANSACTION
control field 20200513152410.0
008 - FIXED-LENGTH DATA ELEMENTS--GENERAL INFORMATION
fixed length control field 191128s2007 ck ad gr 000 0dspa d
020 ## - INTERNATIONAL STANDARD BOOK NUMBER
International Standard Book Number 9789588025957
040 ## - CATALOGING SOURCE
Original cataloging agency CO-JMCR
Transcribing agency CO-JMCR
041 0# - LANGUAGE CODE
Language code of text/sound track or separate title spa
082 04 - DEWEY DECIMAL CLASSIFICATION NUMBER
Classification number 307.2409861 /
Item number I115p
Edition number 23
100 1# - MAIN ENTRY--PERSONAL NAME
Personal name Ibáñez, Ana María,
Relator term autora
9 (RLIN) 4301
245 13 - TITLE STATEMENT
Title La población desplazada en Colombia :
Remainder of title examen de sus condiciones socioeconómicas y análisis de las políticas actuales /
Statement of responsibility, etc. Ana María Ibáñez, Andres Moya
260 ## - PUBLICATION, DISTRIBUTION, ETC.
Place of publication, distribution, etc. Bogotá :
Name of publisher, distributor, etc. Departamento Nacional de Planeación,
Date of publication, distribution, etc. 2007
300 ## - PHYSICAL DESCRIPTION
Extent 144 páginas :
Other physical details gráficos ;
Dimensions 28 cm.
490 0# - SERIES STATEMENT
Series statement Estrategia para la reducción de la pobreza y la desigualdad
504 ## - BIBLIOGRAPHY, ETC. NOTE
Bibliography, etc. note Incluye bibliografía.
505 ## - FORMATTED CONTENTS NOTE
Formatted contents note El desplazamiento forzoso en Colombia -- La legislación colombiana para proteger a la población desplazada -- Comparación de las características y condiciones socioeconómicas de la población desplazada y la población pobre de Colombia
520 ## - SUMMARY, ETC.
Summary, etc. El desplazamiento forzoso en Colombia afecta a 1.661.284 colombianos equivalentes a 3,6 % de la población colombiana y a 13.1 % de la población rural . La migración forzada, al ser intempestiva, ocasiona una perdida importante de capital físico.
650 14 - SUBJECT ADDED ENTRY--TOPICAL TERM
Topical term or geographic name entry element Población rural Migración forzada
9 (RLIN) 4302
650 24 - SUBJECT ADDED ENTRY--TOPICAL TERM
Topical term or geographic name entry element Condiciones socioeconómicas
9 (RLIN) 4303
650 24 - SUBJECT ADDED ENTRY--TOPICAL TERM
Topical term or geographic name entry element Grupos vulnerables
9 (RLIN) 3826
650 24 - SUBJECT ADDED ENTRY--TOPICAL TERM
Topical term or geographic name entry element Programas de gobierno
9 (RLIN) 4304
700 1# - ADDED ENTRY--PERSONAL NAME
Personal name Moya, Andrés,
Relator term autor
9 (RLIN) 4305
942 ## - ADDED ENTRY ELEMENTS (KOHA)
Source of classification or shelving scheme Dewey Decimal Classification
Koha item type Books
Existencias
Withdrawn status Lost status Source of classification or shelving scheme Materials specified (bound volume or other part) Damaged status Not for loan Home library Current library Shelving location Date acquired Source of acquisition Cost, normal purchase price Total Checkouts Full call number Barcode Date last seen Copy number Price effective from Koha item type
    Dewey Decimal Classification Donación--15/04/2018--     Biblioteca Pública José María del Castillo y Rada Biblioteca Pública José María del Castillo y Rada General Stacks 11/28/2019 Donación 0.00   307.2409861 / I115p 430001247 05/16/2024 Ej.1 11/28/2019 Books